العقود الصغيره : (رقم التسجيلة. 90766)

تفاصيل مارك
000 -الفاتح
عناصر البيانات ثابتة الطول 00775cam a2200217 i 4500
005 - تاريخ ووقت آخر معاملة
حقل ضبط 20260126104028.0
008 - عناصر البيانات ثابتة الطول
عناصر البيانات ثابتة الطول 250721s2004 xx gr 000 0 ara d
082 14 - رقم تصنيف ديوي العشري
رقم التصنيف 346.02
رقم المادة ط ل ب
100 1# - مدخل رئيسي – اسم شخصي
الاسم الشخصي طلبه، انور
علاقة الشخص بالعمل/ دوره مؤلف.
245 12 - بيان العنوان
العنوان العقود الصغيره :
بيان المسؤولية المستشار أنور طلبة.
بقية العنوان الحراسه والعمل /
264 31 - بيانات النشر، التوزيع…إلخ
مكان النشر، التوزيع...إلخ [غير معرف] :
اسم الناشر، الموزع...إلخ المكتب الجامعي الحديث،
تاريخ النشر، التوزيع...إلخ 2004.
300 ## - الوصف المادي
عدد الوحدات المكونة للوعاء 246 صفحة.
490 0# - بيان السلسلة
عنوان السلسلة المكتبة القانونية.
650 17 - مدخل إضافي بالموضوع - مصطلح موضوعي
مصطلح موضوعي أو اسم جغرافي كعنصر مدخل العقود.
650 17 - مدخل إضافي بالموضوع - مصطلح موضوعي
مصطلح موضوعي أو اسم جغرافي كعنصر مدخل القانون.
650 17 - مدخل إضافي بالموضوع - مصطلح موضوعي
مصطلح موضوعي أو اسم جغرافي كعنصر مدخل قانون العمل و العمال.
650 17 - مدخل إضافي بالموضوع - مصطلح موضوعي
مصطلح موضوعي أو اسم جغرافي كعنصر مدخل الحراسة.
830 #0 - مدخل إضافي بالسلسلة-عنوان مقنن
عنوان السلسسلة المكتبة القانونية.
942 ## - بيانات إضافية (كوها)
نوع التنصيف Dewey Decimal Classification
نوع المادة (كوها) كتب
المقتنيات
حالة السحب حالة الفقدان مصدر التصنيف حالة التلف غير قابل للإعارة المكتبة الرئيسية المكتبة الحالية موقع الرف تاريخ التزويد الرقم المتسلسل Total Checkouts رقم الإستدعاء الباركود تاريخ آخر ظهور تاريخ الفاتورة نوع المادة (كوها)
    Dewey Decimal Classification     المكتبة المركزية المكتبة المركزية الإعارة 28/07/2025 806214   346.02 / ط ل ب 806214 28/07/2025 28/07/2025 كتب
Implemented & Customized by: BBB with SCIT (Smart Chains for Information Technology)

Powered by Koha